00393 a2200133 4500260001000000100002000010260001300030245014700043300001000190650002500200650001700225260000900242130000800251 aParis aMILSANT,Jeanne. bEyrolles aLexique d'informatique des mots et des idées.Logique câblée,ordinateur et microprocesseurs avec index alphabétique:anglais-français. a122p. aOUVRAGE DE REFERENCE aINFORMATIQUE c1981 lFr.